İkinci tek parti dönemi : (Kayıt no. 13339)

MARC ayrıntıları
000 -BAŞLIK
Sabit Uzunlukta Kontrol Alanı 00963nam a22002537a 4500
999 ## - SİSTEM KONTROL NUMARALARI (KOHA)
Koha Biblionumber 13339
Koha Biblioitemnumber 13339
003 - KONTROL NUMARASI IDENTIFIER
Denetim Alanı MIRAKIL
005 - SON İŞLEM TARİHİ VE ZAMANI
Denetim Alanı 20211214000614.0
008 - SABİT-BOY VERİ ELEMANLARI - GENEL BİLGİLER
Sabit Uzunlukta Kontrol Alanı 190624b tu ||||| |||| 00| 0 tur d
020 ## - ULUSLARARASI STANDART KİTAP NUMARASI
Uluslararası Standart Kitap Numarası 9786054125418
040 ## - KATALOGLAMA KAYNAK
Orijinal Kataloglama Ajansı TR-AnCHP
Metne Dönüştürmek Ajansı TR-AnCHP
041 ## - DİL KODU
Metin / Ses Parça Veya Ayrı Başlığın Dil Kodu tur
082 ## - DEWEY ONLU SINIFLANDIRMA NUMARASI
Sınıflandırma Numarası 324.2561
Ürün Numarası Ö92i 2011
100 1# - ANA GİRİŞ - KİŞİSEL İSİM
Kişisel Ad Özdağ, Ümit
Bir Adıyla İlişkilendirilen Tarihler 1961-
245 10 - BAŞLIK TABLOSU
Başlık İkinci tek parti dönemi :
Başlığın Kalan AKP'nin yumuşak hegemon parti projesinin anatomisi /
Sorumluluk Tablosu, Vb Ümit Özdağ.
246 ## - UNVAN FORM VARYING
Başlık Doğru / Kısa Başlığı AKP'nin yumuşak hegemon parti projesinin anatomisi
260 ## - YAYIN, DAĞITIM, VB
Yayın, Dağıtım, Vb Yeri Ankara :
Yayıncı, Dağıtıcı, Vs Adı Kripto Kitaplar,
Yayın, Dağıtım, Vb Tarihi 2011.
300 ## - FİZİKSEL TANIM
Kapsam 214 s. ;
Boyutlar 21 sm.
490 0# - SERİSİ TABLOSU
Seri Beyanı Kripto Kitaplar ;
-- Araştırma inceleme dizisi ;
Hacim / Ardışık Tanımı genel yayın no: 38.
Uluslararası Standart Süreli Yayın Numarası 31.
504 ## - KAYNAKÇA VB NOT
Kaynakça Vb Notu Kaynakça vardır.
650 #0 - KONU KATMA GİRİŞ - TOPİKAL DÖNEM
Topikal Süreli Veya Coğrafi Ad Giriş Elemanı Siyaset ve yönetim
Genel Alt Bölümü Türkiye
Kronolojik Alt Bölümü 2002-
9 (RLIN) 9
650 #0 - KONU KATMA GİRİŞ - TOPİKAL DÖNEM
9 (RLIN) 804
Topikal Süreli Veya Coğrafi Ad Giriş Elemanı Siyasi partiler
Genel Alt Bölümü Adalet ve Kalkınma Partisi (AKP)
-- Eleştiriler ve yorumlar
740 ## - KATMA GİRİŞ - KONTROLSUZ İLGİLİ / ANALİTİK BAŞLIK
Kontrol Edilmeyen / İlgili Analitik Başlıktaki AKP'nin yumuşak hegemon parti projesinin anatomisi
942 ## - EKLENDİ GİRİŞ ELEMANLARI (KOHA)
Sınıflandırma Veya Raf Düzeni Kaynak Dewey Decimal Classification
Koha Öğesi Türü Kitaplar
Mevcut
Kalıcı Konum Mevcut Konum Edinme Tarihi Toplam Check-Out'Lar Tam Çağrı Numarası Barkod Tarih Son Görülme İtibaren Geçerli Fiyatlar Koha Öğesi Türü
CHP Kütüphanesi CHP Kütüphanesi 06/24/2019   324.2561 Ö92i 2011 019235 06/24/2019 06/24/2019 Kitaplar